LEADER 01228nam a2200277 i 4500 001 000000186616 003 CaOOAMICUS 005 20160518000000.0 008 160518s1966 it u000 u ita u 013 $a164667 040 $aSeMil$bita 100 1 $aTecchi, Bonaventura,$d<1896-1968>.$0(OLS)http://semarc/name/21134 245 10$aStorie di bestie /$cBonaventura Tecchi ; A cura di Filiberto Mazzoleni. 260 $aMilano :$bBompiani,$ccopyr. 1966. 300 $a181 p. ;$c21 cm. 490 0 $aNarratori moderni per la scuola media 490 0 $aI delfini d'acciaio : i pił famosi libri moderni per i giovani ;$v15 500 $aContiene : Cenni biografici. 700 1 $aMazzoleni, Filiberto.$0(OLS)http://semarc/name/68516 830 0$aNarratori moderni per la scuola media.$0(OLS)http://semarc/title/7824 830 2$aI delfini d'acciaio : i pił famosi libri moderni per i giovani ;$v15.$0(OLS)http://semarc/title/24643 850 $aSeMil 852 $aSeMil$W1$xVenegono$y1$m1A II 136$j137303$B137303$CSeMilBibl$Z2$F211743 $81 961 $aLascito: Orsenigo don Elia 996 $6245$aStorie di bestie$9(OLS)http://semarc/title/268330 996 $6260$aMilano :$bBompiani$9(OLS)http://semarc/publisher/29706 LEADER 01262nam a2200289 i 4500 001 000000202174 003 CaOOAMICUS 005 20160523000000.0 008 160523s1976 it u000 u ita u 013 $a180880 040 $aSeMil$bita 100 1 $aSartre, Jean-Paul <1905-1980>.$0(OLS)http://semarc/name/526 240 13$aLe diable et le bon Dieu.$0(OLS)http://semarc/title/292645 245 13$aIl diavolo e il buon Dio /$cJean-Paul Sartre ; Traduzione di Felice Dessi ; Introduzione di Paolo Caruso. 260 $aMilano :$bArnoldo Mondadori Editore,$c1976. 300 $a170 p. ;$c19 cm. 490 0 $aGli Oscar Mondadori. Poesia e teatro 490 0 $aOscar Mondadori ;$v652 700 1 $aCaruso, Paolo <1934->.$0(OLS)http://semarc/name/5234 700 1 $aDessi, Felice.$0(OLS)http://semarc/name/73071 830 0$aOscar. Poesia e teatro.$0(OLS)http://semarc/title/8469 830 0$aOscar ;$v652.$0(OLS)http://semarc/title/8669 850 $aSeMil 852 $aSeMil$W1$xVenegono$y1$m1V II 281$j152697$B152697$CSeMilBibl$Z2$F211749 $81 961 $aLascito: Orsenigo don Elia 996 $6245$aIl diavolo e il buon Dio$9(OLS)http://semarc/title/292644 996 $6260$aMilano :$bArnoldo Mondadori Editore$9(OLS)http://semarc/publisher/30056